| 000 | 00412nam a2200181Ia 4500 | ||
|---|---|---|---|
| 005 | 20250423101525.0 | ||
| 008 | 250422s9999 xx 000 0 und d | ||
| 020 | _a9780074633632 | ||
| 050 | _aTJ 260 .S77/ | ||
| 100 | _aSarkar, B.K. | ||
| 245 | 0 | _aThermal engineering | |
| 260 | _aNew Delhi | ||
| 260 | _bTata McGraw - Hill | ||
| 260 | _c2008 | ||
| 300 | _a663 p | ||
| 650 | _aEngineering | ||
| 942 | _cBK | ||
| 999 |
_c36538 _d36538 |
||